000 00602nam a22001937a 4500
999 _c9771
_d9771
003 GBCCL
005 20241126110718.0
008 230713b ||||| |||| 00| 0 eng d
020 _a9780310942214
040 _cgbc
082 _a221.77
_bZON
100 _4Block, Daniel I
245 _aJudges :
_ba discourse analysis of the Hebrew Bible /
_cMark J Boda, Mark L Conway
260 _aGrand Rapids :
_bZOndervan academic,
_c2022
300 _a904p
440 _aZondervan exegetical commentary on the Old Testament ;
_vv.7
_916983
650 _aBible
_vJudges
_xcommentaries
_916984
942 _2ddc
_cREF